Concentrate intake and performance of dairy calves subjected to programs of supplementary lighting (Registro n. 329924)
[ somente texto ]
| 000 -LÍDER | |
|---|---|
| fixed length control field | 03435nab a2200349 i 4500 |
| 003 - CÓDIGO MARC DA AGÊNCIA CATALOGADORA | |
| Campo de controle | BR-BrBNA |
| 005 - DATA E HORA DA ÚLTIMA ATUALIZAÇÃO | |
| Campo de controle | 20250211151106.0 |
| 008 - CAMPO DE TAMANHO FIXO | |
| fixed length control field | 250211b2017 bl.mr|pooa||| 00| 0 eng | |
| 040 ## - FONTE DA CATALOGAÇÃO | |
| Agência catalogadora | BR-BrBNA |
| Idioma da catalogação | eng |
| 072 ## - CATEGORIA AGRIS | |
| Código AGRIS | L01 |
| Código do objeto | 5214 |
| 100 ## - ENTRADA PRINCIPAL - NOME PESSOAL | |
| Nome pessoal | Almeida, Gledson Luiz Pontes de |
| 100 ## - ENTRADA PRINCIPAL - NOME PESSOAL | |
| Nome pessoal | Pandorf, Héliton |
| 100 ## - ENTRADA PRINCIPAL - NOME PESSOAL | |
| Nome pessoal | Baptista, Fátima |
| 100 ## - ENTRADA PRINCIPAL - NOME PESSOAL | |
| Nome pessoal | Guiselini, Cristiane |
| 100 ## - ENTRADA PRINCIPAL - NOME PESSOAL | |
| Nome pessoal | Ferreira, Marcelo de Andrade |
| 100 ## - ENTRADA PRINCIPAL - NOME PESSOAL | |
| Nome pessoal | Cruz, Vasco Fitas |
| 245 ## - TÍTULO PRINCIPAL | |
| Título principal | Concentrate intake and performance of dairy calves subjected to programs of supplementary lighting |
| 500 ## - NOTA GERAL | |
| Nota geral | Publicação on-line; 12 ref.; 2 tables; Sumaries (En, Pt) |
| 942 ## - ADDED ENTRY ELEMENTS (KOHA) | |
| Koha item type | Analítica |
| 520 ## - NOTA DE RESUMO | |
| Nota de conteúdo | <br/><br/>ABSTRACT: This research aimed to assess Girolando calves’ concentrate intake and performance when placed in shelters with distinct roofing materials and programs of supplementary lighting during the milk-feeding stage. In order to so, we used a completely randomized design with a 3×3 factorial arrangement, with three replications. Females Girolando calves (n=27) were assigned in individual shelters at random with 3 different roofing materials (fiber cement tile, recycled tile and thatched roofs) and subjected to three lighting programs (12, 16 and 20 hours). No interaction was observed between roofing material and lighting programs, whilst no significant effect (P>0.05) was observed among the roofing materials. The supplementary lighting, by providing greater light exposure time, has stimulated intake and therefore, significantly affected (P<0.05) the concentrate intake and performance of the animals that were subjected to 20 hours of light.<br/><br/>Key words: animal performance, dairy cattle, light duration, weight gain. |
| 520 ## - NOTA DE RESUMO | |
| Nota de conteúdo | <br/><br/>RESUMO: Essa pesquisa teve como objetivo avaliar o consumo de concentrado e o desempenho de bezerras da raça Girolando quando colocadas em abrigos com materiais de cobertura e programas de iluminação suplementar distintos, durante a fase de aleitamento. Para tal, nós utilizamos o delineamento experimental inteiramente casualizado em arranjo fatorial 3×3, com três repetições. As bezerras Girolando (n=27) foram distribuídas ao acaso em abrigos individuais, com materiais de cobertura distintos (telha de fibrocimento, telha reciclada e cobertura com palha), e sujeitas a três programas de iluminação (12, 16 e 20h). Não houve interação entre os mateiral de cobertura×programas de iluminação, ao mesmo tempo que não foi observado efeito significativo (P>0,05) para os materiais de cobertura. A iluminação suplementar, proporcionando maior tempo de luz, tem estimulado a ingestão, e, portanto, apresentou efeito significativo (P<0,05) no consumo de concentrado e desempenho dos animais submetidos a 20h de iluminação.<br/><br/>Palavras-chave: desempenho animal, bovino leiteiro, duração de luz, ganho de peso. |
| 650 ## - ASSUNTO - THESAGRO | |
| Cabeçalho tópico ou nome geográfico | GADO LEITEIRO |
| 650 ## - ASSUNTO - THESAGRO | |
| Cabeçalho tópico ou nome geográfico | CRIAÇÃO |
| 650 ## - ASSUNTO - THESAGRO | |
| Cabeçalho tópico ou nome geográfico | GANHO DE PESO |
| 650 ## - ASSUNTO - THESAGRO | |
| Cabeçalho tópico ou nome geográfico | ABRIGO PARA ANIMAL |
| 650 ## - ASSUNTO - THESAGRO | |
| Cabeçalho tópico ou nome geográfico | ILUMINAÇÃO |
| 650 ## - ASSUNTO - THESAGRO | |
| Cabeçalho tópico ou nome geográfico | BEZERRO |
| 650 ## - ASSUNTO - THESAGRO | |
| Cabeçalho tópico ou nome geográfico | PERFORMANCE |
| 773 0# - ENTRADA ANALÍTICA | |
| Host Biblionumber | 2408 |
| Registro do item | 346535 |
| Imprenta | Santa Maria-RS Universidade Federal de Santa Maria - Centro de Ciências Rurais 1991 |
| Outro identificador | 2024-7206 |
| Título | Ciência Rural (Brazil) |
| ISSN | 0103-8478 Versão online ISSN 1678-4596 |
| Colação | v. 47(9) p. 1-6 ; (2017) |
| Número de controle de registro | BR2024004362 |
| 856 ## - ACESSO E ENDEREÇO ELETRÔNICO | |
| Identificador uniforme de recurso - URI | https://www.scielo.br/j/cr/a/4MZvpwYzgnJzRhqSwmXRTZy/?format=pdf&lang=en |
Nenhum exemplar disponível.

BINAGRI